000
00332nam a2200145Ia 4500
005
20251222152043.0
008
251222s9999||||xx |||||||||||||| ||spa||
020
_a
8422631520
082
_a
813.54/K74
100
_a
Koontz, Dean R.
245
0
_a
Relámpagos
250
_a
1ra.ed.
264
_b
CĂrculo de Lectores
942
_c
LIB
999
_c
26134
_d
26134